[Event "8th Vidmar Memorial"]
[Site "Ljubljana YUG"]
[Date "1989.06.07"]
[Round "1"]
[White "Kovacevic, Vlatko"]
[Black "Gostisa, Leon"]
[Result "1/2-1/2"]
[WhiteElo "2545"]
[BlackElo "2420"]
[EventDate "1989.06.07"]
[PlyCount "68"]

1.d4 Nf6 2.Nf3 d5 3.e3 g6 4.c4 Bg7 5.Nc3 O-O 6.cxd5 Nxd5 7.Bd2 c5 8.Rc1 
Nxc3 9.Bxc3 cxd4 10.Nxd4 Bd7 11.Be2 Nc6 12.O-O Nxd4 13.Bxd4 Bc6 14.Bxg7 
Kxg7 15.Bf3 Bxf3 16.Qxf3 Qb6 17.b3 Rac8 18.Qe4 e6 19.h4 h5 20.g3 Rfd8 21.
Kg2 a6 22.Qe5+ Kg8 23.Rfd1 Rxc1 24.Rxc1 Qd6 25.Qf6 Qd7 26.Rc5 Qd6 27.Rc4 
b5 28.Rd4 Qc6+ 29.Qf3 Rc8 30.a4 bxa4 31.bxa4 Qxf3+ 32.Kxf3 Rc5 33.Rd6 Ra5 
34.Rd4 Rc5 1/2-1/2

[Event "8th Vidmar Memorial"]
[Site "Ljubljana YUG"]
[Date "1989.06.07"]
[Round "1"]
[White "Kozul, Zdenko"]
[Black "Mohr, Georg"]
[Result "1/2-1/2"]
[WhiteElo "2490"]
[BlackElo "2450"]
[EventDate "1989.06.07"]
[PlyCount "111"]

1.d4 Nf6 2.c4 e5 3.dxe5 Ne4 4.Nd2 Nc5 5.Ngf3 Nc6 6.Nb3 Ne4 7.a3 d6 8.Qd5 
Bf5 9.exd6 Nxd6 10.Nc5 Qf6 11.e4 O-O-O 12.exf5 Ne8 13.Ne4 Qe7 14.f6 Nxf6 
15.Qf5+ Rd7 16.Be3 Qxe4 17.Qxe4 Nxe4 18.g3 f5 19.Rd1 Rxd1+ 20.Kxd1 Bc5 21.
Bxc5 Nxc5 22.Kc2 Ne4 23.Bd3 Rf8 24.Rf1 a5 25.Bxe4 fxe4 26.Nd2 Nd4+ 27.Kc1 
Nf3 28.Nxe4 Re8 29.Nd2 Nd4 30.b3 Re2 31.h4 c5 32.h5 Kd7 33.f4 Ke6 34.Kd1 
Kf6 35.g4 b6 36.Re1 Rg2 37.Ne4+ Ke7 38.Nxc5+ Kd6 39.Ne4+ Kd7 40.g5 Ra2 41.
Re3 Kc6 42.Rd3 Nf5 43.a4 Rh2 44.Kc1 Rxh5 45.Rd5 Rh1+ 46.Kd2 g6 47.Nf6 Rh2+
48.Ke1 Rh4 49.Kd2 Rxf4 50.Nxh7 Rd4+ 51.Rxd4 Nxd4 52.Kc3 Ne6 53.b4 axb4+ 
54.Kxb4 Kb7 55.c5 Kc6 56.cxb6 1/2-1/2

[Event "8th Vidmar Memorial"]
[Site "Ljubljana YUG"]
[Date "1989.06.07"]
[Round "1"]
[White "Lobron, Eric"]
[Black "Damljanovic, Branko"]
[Result "0-1"]
[WhiteElo "2555"]
[BlackElo "2530"]
[EventDate "1989.06.07"]
[PlyCount "60"]

1.d4 Nf6 2.c4 g6 3.g3 Bg7 4.Bg2 O-O 5.Nc3 Nc6 6.e4 d6 7.Nge2 e5 8.d5 Ne7 
9.O-O a5 10.h3 Nh5 11.g4 Nf6 12.Ng3 Ne8 13.f4 f5 14.g5 fxe4 15.Ncxe4 Nf5 
16.Nxf5 Bxf5 17.Ng3 exf4 18.Bxf4 Bxb2 19.Nxf5 Rxf5 20.Rb1 Be5 21.Bxe5 Rxe5
22.Rxb7 Ng7 23.h4 Nf5 24.Qf3 Qe7 25.Qf4 Re8 26.Rf2 Re1+ 27.Kh2 Rd1 28.Rd2 
Rxd2 29.Qxd2 Qe5+ 30.Kg1 Qg3 0-1

[Event "8th Vidmar Memorial"]
[Site "Ljubljana YUG"]
[Date "1989.06.08"]
[Round "2"]
[White "Podlesnik, Bogdan"]
[Black "Damljanovic, Branko"]
[Result "1-0"]
[WhiteElo "2415"]
[BlackElo "2530"]
[EventDate "1989.06.07"]
[PlyCount "72"]

1.e4 c5 2.Nf3 Nc6 3.d4 cxd4 4.Nxd4 Qc7 5.Nc3 e6 6.Be2 a6 7.f4 b5 8.Nxc6 
Qxc6 9.Bf3 Bb7 10.Be3 Rc8 11.a3 Qc4 12.Qd4 Qxd4 13.Bxd4 Ne7 14.O-O-O Nc6 
15.Bb6 d6 16.Kb1 Be7 17.Rhe1 O-O 18.a4 bxa4 19.Nxa4 Nb4 20.Ba5 Nc6 21.Bc3 
Na7 22.b3 Bc6 23.Nb6 Rb8 24.Nc4 Nb5 25.Bb2 Rfc8 26.Rd3 Be8 27.g4 Bf8 28.g5
Rc5 29.h4 Rbc8 30.Re2 Rxc4 31.bxc4 Rxc4 32.f5 Bd7 33.f6 a5 34.h5 a4 35.Rg2
g6 36.Rh2 e5 1-0

[Event "8th Vidmar Memorial"]
[Site "Ljubljana YUG"]
[Date "1989.06.08"]
[Round "2"]
[White "Mohr, Georg"]
[Black "Lobron, Eric"]
[Result "0-1"]
[WhiteElo "2450"]
[BlackElo "2555"]
[EventDate "1989.06.07"]
[PlyCount "80"]

1.d4 Nf6 2.Nc3 d5 3.Bg5 Nbd7 4.e4 Nxe4 5.Nxe4 dxe4 6.Bc4 h6 7.Bh4 Nf6 8.f3
Qd6 9.c3 Be6 10.Qa4+ c6 11.Bxe6 Qxe6 12.O-O-O Nd5 13.Re1 e3 14.Bg3 b5 15.
Qc2 Qd7 16.Ne2 e6 17.Nf4 Be7 18.Nd3 O-O 19.Bf4 c5 20.dxc5 Nxf4 21.Nxf4 
Bxc5 22.Qe4 Rad8 23.Rd1 Qc7 24.g3 Bb6 25.Ng2 Qc5 26.Rhe1 Rd5 27.f4 Rxd1+ 
28.Rxd1 Qh5 29.Nh4 Qe2 30.Qc2 Qc4 31.b3 Qc6 32.Kb2 Rd8 33.Rxd8+ Bxd8 34.
Ng2 Qf3 35.Ne1 Qf1 36.Qd3 Qxe1 37.Qxd8+ Kh7 38.Qd3+ f5 39.g4 e2 40.gxf5 
Qd1 0-1

[Event "8th Vidmar Memorial"]
[Site "Ljubljana YUG"]
[Date "1989.06.09"]
[Round "3"]
[White "Kozul, Zdenko"]
[Black "Kupreichik, Viktor"]
[Result "1/2-1/2"]
[WhiteElo "2490"]
[BlackElo "2520"]
[EventDate "1989.06.07"]
[PlyCount "90"]

1.d4 d5 2.c4 e6 3.Nf3 c6 4.Qc2 Nf6 5.g3 Ne4 6.Bg2 Nd7 7.O-O Bd6 8.b3 O-O 
9.Bb2 f5 10.Nbd2 b6 11.cxd5 cxd5 12.Qc6 Qc7 13.Qxa8 Ba6 14.Qxf8+ Bxf8 15.
Rfc1 Qd6 16.e3 Qb4 17.a3 Qa5 18.Nxe4 dxe4 19.Ne5 Nxe5 20.dxe5 Qd5 21.b4 
Bc4 22.Bd4 g5 23.Rd1 Qb5 24.Rac1 Qa4 25.Bb2 Bd5 26.Rd2 Kg7 27.Rc7+ Kg6 28.
Rc8 Bg7 29.Rdc2 b5 30.Bf1 Bc4 31.Rd2 Qb3 32.Rc6 f4 33.gxf4 gxf4 34.exf4 
Bh6 35.Bxc4 bxc4 36.Rxe6+ Kh5 37.Rc6 Bxf4 38.Rd7 Qxb2 39.Rxh7+ Kg4 40.Kg2 
e3 41.h3+ Kf5 42.Rf7+ Kg5 43.Rg7+ Kf5 44.Rf7+ Kg5 45.Rg7+ Kf5 1/2-1/2

[Event "8th Vidmar Memorial"]
[Site "Ljubljana YUG"]
[Date "1989.06.09"]
[Round "3"]
[White "Damljanovic, Branko"]
[Black "Mohr, Georg"]
[Result "1-0"]
[WhiteElo "2530"]
[BlackElo "2450"]
[EventDate "1989.06.07"]
[PlyCount "105"]

1.Nf3 Nf6 2.c4 g6 3.Nc3 Bg7 4.e4 d6 5.d4 O-O 6.Be2 Bg4 7.Be3 Nfd7 8.Ng1 
Bxe2 9.Ngxe2 e5 10.O-O exd4 11.Bxd4 Nf6 12.f3 Nc6 13.Be3 Nd7 14.Qd2 Nde5 
15.b3 f5 16.Rad1 Qe7 17.Nd5 Qf7 18.exf5 gxf5 19.Ng3 Kh8 20.Kh1 Nd8 21.f4 
Nec6 22.Rde1 Ne6 23.Qd1 Bd4 24.Nh5 Rg8 25.Bxd4+ Ncxd4 26.Ne7 Rgf8 27.Rxe6 
Nxe6 28.Qa1+ Ng7 29.Nxf5 Rg8 30.Nfxg7 Rxg7 31.Qxg7+ Qxg7 32.Nxg7 Kxg7 33.
Re1 Kf6 34.g3 a5 35.a3 Rd8 36.Kg2 d5 37.cxd5 Rxd5 38.Kf3 c5 39.a4 Rd4 40.
Re4 Rd3+ 41.Re3 Rd4 42.g4 Rb4 43.h4 c4 44.bxc4 Rxa4 45.g5+ Kf7 46.Rb3 Rxc4
47.Rxb7+ Kg8 48.Ra7 a4 49.Kg4 Rb4 50.h5 h6 51.g6 Rc4 52.Kf5 Rc5+ 53.Ke6 
1-0

[Event "8th Vidmar Memorial"]
[Site "Ljubljana YUG"]
[Date "1989.06.11"]
[Round "4"]
[White "Kupreichik, Viktor"]
[Black "Lobron, Eric"]
[Result "0-1"]
[WhiteElo "2520"]
[BlackElo "2555"]
[EventDate "1989.06.07"]
[PlyCount "92"]

1.e4 c6 2.Nc3 d5 3.d4 dxe4 4.Nxe4 Bf5 5.Ng3 Bg6 6.h4 h6 7.Nf3 Nd7 8.h5 Bh7
9.Bf4 Ngf6 10.Bd3 Bxd3 11.Qxd3 e6 12.O-O-O Be7 13.Kb1 O-O 14.Ne4 Nxe4 15.
Qxe4 Nf6 16.Qe2 Qd5 17.Ne5 Qe4 18.Qd2 Nd5 19.Bg3 Rfd8 20.Rde1 Qf5 21.Nd3 
Rac8 22.Be5 c5 23.dxc5 f6 24.g4 Qf3 25.Bd4 Qxg4 26.Be3 Qf5 27.Bxh6 gxh6 
28.Qxh6 Kf7 29.Qc1 Bxc5 30.Reg1 Bd6 31.h6 Rg8 32.Qd1 Rxg1 33.Rxg1 Rg8 34.
Rh1 Rh8 35.Rh5 Qe4 36.a3 Bf8 37.Qd2 b6 38.f3 Qg6 39.Qh2 Rxh6 40.Rxh6 Qxh6 
41.Qb8 Qh1+ 42.Ka2 Qxf3 43.Qxa7+ Be7 44.Qa4 Ne3 45.Qh4 Nxc2 46.Nf4 Nd4 0-1

[Event "8th Vidmar Memorial"]
[Site "Ljubljana YUG"]
[Date "1989.06.11"]
[Round "4"]
[White "Grosar, Aljosa"]
[Black "Kovacevic, Vlatko"]
[Result "1/2-1/2"]
[WhiteElo "2365"]
[BlackElo "2545"]
[EventDate "1989.06.07"]
[PlyCount "82"]

1.e4 e6 2.d4 d5 3.e5 c5 4.c3 Ne7 5.Nf3 Nec6 6.a3 a5 7.a4 Nd7 8.Na3 cxd4 9.
cxd4 f6 10.exf6 Qxf6 11.Nb5 Bb4+ 12.Bd2 O-O 13.Be2 Nb6 14.O-O Bxd2 15.Qxd2
Bd7 16.b3 Nb4 17.Rac1 Rac8 18.Nd6 Rb8 19.Rfe1 Bc6 20.Nb5 Nd7 21.Bf1 Rbe8 
22.Ne5 Qd8 23.Nxd7 Qxd7 24.Rc3 Rf6 25.f4 Ref8 26.g3 Qd8 27.Rce3 Bd7 28.Nc3
Qb6 29.Bb5 Bc8 30.Nd1 R8f7 31.Nf2 Rc7 32.Rc3 Rff7 33.Rec1 Rxc3 34.Rxc3 Bd7
35.Bxd7 Rxd7 36.Ng4 Nc6 37.Ne5 Nxe5 38.Rc8+ Rd8 39.Rxd8+ Qxd8 40.fxe5 Qc7 
41.Kg2 h6 1/2-1/2

[Event "8th Vidmar Memorial"]
[Site "Ljubljana YUG"]
[Date "1989.06.12"]
[Round "5"]
[White "Kovacevic, Vlatko"]
[Black "Podlesnik, Bogdan"]
[Result "1-0"]
[WhiteElo "2545"]
[BlackElo "2415"]
[EventDate "1989.06.07"]
[PlyCount "33"]

1.d4 Nf6 2.Nf3 e6 3.Bg5 c5 4.e3 Qb6 5.Qc1 Nc6 6.c3 d5 7.Nbd2 Be7 8.Be2 Qc7
9.dxc5 Bxc5 10.c4 Be7 11.O-O O-O 12.a3 Bd7 13.cxd5 Nxd5 14.Bxe7 Ndxe7 15.
Qc5 e5 16.Rac1 b6 17.Qxe7 1-0

[Event "8th Vidmar Memorial"]
[Site "Ljubljana YUG"]
[Date "1989.06.12"]
[Round "5"]
[White "Kozul, Zdenko"]
[Black "Todorcevic, Miodrag"]
[Result "0-1"]
[WhiteElo "2490"]
[BlackElo "2535"]
[EventDate "1989.06.07"]
[PlyCount "84"]

1.d4 g6 2.c4 Bg7 3.Nc3 d6 4.e4 Nd7 5.Nf3 e5 6.Be3 Ngf6 7.Be2 O-O 8.O-O 
exd4 9.Nxd4 c6 10.Qd2 Re8 11.f3 a5 12.Rad1 a4 13.Nc2 Re6 14.Kh1 Qf8 15.g4 
h6 16.Bf4 Ne8 17.Rg1 Ne5 18.Be3 Re7 19.f4 Nd7 20.Bf3 Ndf6 21.c5 d5 22.exd5
cxd5 23.f5 gxf5 24.g5 hxg5 25.Bxg5 Ra6 26.Nb4 Rae6 27.Nbxd5 Rd7 28.Bxf6 
Nxf6 29.Qf4 Ng4 30.Bxg4 fxg4 31.Rxg4 f5 32.Rg5 Rf7 33.Qc4 f4 34.Ne4 Kh8 
35.Rdg1 Bd7 36.Rh5+ Rh6 37.Rxh6+ Bxh6 38.Qc3+ Bg7 39.Qd3 Bc6 40.Ng5 Rf5 
41.Qh3+ Bh6 42.Qc3+ Qf6 0-1

[Event "8th Vidmar Memorial"]
[Site "Ljubljana YUG"]
[Date "1989.06.12"]
[Round "5"]
[White "Lobron, Eric"]
[Black "Gostisa, Leon"]
[Result "1/2-1/2"]
[WhiteElo "2555"]
[BlackElo "2420"]
[EventDate "1989.06.07"]
[PlyCount "94"]

1.e4 c5 2.Nf3 Nc6 3.d4 cxd4 4.Nxd4 e5 5.Nb5 d6 6.c4 Be6 7.Bd3 Be7 8.O-O 
Nf6 9.N1c3 a6 10.Na3 O-O 11.Re1 Ne8 12.Nc2 Bg5 13.Bf1 g6 14.Bxg5 Qxg5 15.
Re3 Rd8 16.Nd5 Kh8 17.b4 Ng7 18.b5 Nb8 19.Ne1 Bxd5 20.Qxd5 Qe7 21.Rb1 a5 
22.Qd2 b6 23.Rd1 Ne8 24.c5 bxc5 25.Qxa5 Nf6 26.Qc3 Ng4 27.Rg3 f5 28.exf5 
gxf5 29.f4 d5 30.fxe5 d4 31.Qc1 Nd7 32.Nd3 Ne3 33.Rxe3 dxe3 34.Qxe3 c4 35.
Nf4 Nxe5 36.Re1 Rfe8 37.Kh1 Qh4 38.Qc1 Ng4 39.Rxe8+ Rxe8 40.h3 Nf2+ 41.Kg1
Ne4 42.Bxc4 Qf2+ 43.Kh1 Qd2 44.Qxd2 Nxd2 45.Bd3 Ne4 46.a4 Nc5 47.Bc2 Nxa4 
1/2-1/2

[Event "8th Vidmar Memorial"]
[Site "Ljubljana YUG"]
[Date "1989.06.13"]
[Round "6"]
[White "Todorcevic, Miodrag"]
[Black "Lobron, Eric"]
[Result "1/2-1/2"]
[WhiteElo "2535"]
[BlackElo "2555"]
[EventDate "1989.06.07"]
[PlyCount "48"]

1.Nf3 Nc6 2.d4 d5 3.e3 Bg4 4.c4 e6 5.Qb3 Bb4+ 6.Bd2 Bxf3 7.Bxb4 dxc4 8.
Qxc4 Bd5 9.Qc3 Nf6 10.Ba3 Ne4 11.Qc2 Qg5 12.Nc3 Nxc3 13.Qxc3 e5 14.dxe5 
Qxe5 15.Qxe5+ Nxe5 16.b3 O-O-O 17.Bb2 Rhe8 18.O-O-O g6 19.h3 Nc6 20.Bc3 
Be4 21.Rxd8+ Rxd8 22.f3 Bd3 23.e4 Bxf1 24.Rxf1 Nd4 1/2-1/2

[Event "8th Vidmar Memorial"]
[Site "Rogaska Slatina YUG"]
[Date "1989.06.15"]
[Round "7"]
[White "Kozul, Zdenko"]
[Black "Grosar, Aljosa"]
[Result "0-1"]
[WhiteElo "2490"]
[BlackElo "2365"]
[EventDate "1989.06.07"]
[PlyCount "130"]

1.d4 Nf6 2.Nf3 e6 3.c4 d5 4.g3 dxc4 5.Bg2 c5 6.O-O Nc6 7.Ne5 Bd7 8.Na3 
cxd4 9.Naxc4 Bc5 10.Nxc6 Bxc6 11.Bxc6+ bxc6 12.b4 Be7 13.Bb2 O-O 14.Na5 
Rc8 15.Rc1 c5 16.Qa4 Qb6 17.Rc2 cxb4 18.Rfc1 Rxc2 19.Rxc2 Qa6 20.Bxd4 Bd8 
21.Bxf6 gxf6 22.Rc5 Bb6 23.Qb5 Qxb5 24.Rxb5 Rc8 25.e3 Rc1+ 26.Kg2 Rc2 27.
Kf3 Rxa2 28.Nc4 Bc7 29.Rxb4 Rc2 30.Ra4 a6 31.Na3 Rc6 32.Nc4 f5 33.Ke2 Kf8 
34.Kd3 Ke7 35.Rb4 e5 36.Nb2 e4+ 37.Kd4 Ke6 38.Nc4 Bd8 39.f4 Bf6+ 40.Ne5 
Rd6+ 41.Kc4 Bxe5 42.fxe5 Kxe5 43.Rb7 Rd2 44.Rxf7 Rxh2 45.Re7+ Kf6 46.Ra7 
Rc2+ 47.Kd4 Rd2+ 48.Kc4 Rd3 49.Rxa6+ Kg5 50.Ra8 Rxe3 51.Rg8+ Kf6 52.Rf8+ 
Ke6 53.Rg8 Rd3 54.Rg7 Kf6 55.Rg8 Rd7 56.Rf8+ Rf7 57.Ra8 Re7 58.Ra1 Kg5 59.
Kc3 e3 60.Kd3 e2 61.Kd2 e1=Q+ 62.Rxe1 Rxe1 63.Kxe1 Kg4 64.Kf2 Kh3 65.Kf3 
h5 0-1

[Event "8th Vidmar Memorial"]
[Site "Rogaska Slatina YUG"]
[Date "1989.06.15"]
[Round "7"]
[White "Mohr, Georg"]
[Black "Gostisa, Leon"]
[Result "1-0"]
[WhiteElo "2450"]
[BlackElo "2420"]
[EventDate "1989.06.07"]
[PlyCount "65"]

1.e4 c5 2.Nf3 Nc6 3.d4 cxd4 4.Nxd4 Qb6 5.Nb3 Nf6 6.Nc3 e6 7.Be3 Qc7 8.Be2 
a6 9.O-O Be7 10.f4 d6 11.a4 b6 12.Bf3 Bb7 13.g4 O-O 14.g5 Nd7 15.Qe2 Rfe8 
16.Rad1 Bf8 17.Qf2 Rad8 18.Bg2 Nc5 19.Nd4 Nxd4 20.Bxd4 e5 21.fxe5 dxe5 22.
Bxe5 Rxe5 23.Rxd8 Ne6 24.Rxf8+ Kxf8 25.h4 Qc5 26.Nd5 Bxd5 27.exd5 Re2 28.
Qxc5+ Nxc5 29.b4 Nxa4 30.Ra1 Nc3 31.Rxa6 Rxc2 32.d6 f5 33.Ra8+ 1-0

[Event "8th Vidmar Memorial"]
[Site "Rogaska Slatina YUG"]
[Date "1989.06.16"]
[Round "8"]
[White "Podlesnik, Bogdan"]
[Black "Kupreichik, Viktor"]
[Result "1/2-1/2"]
[WhiteElo "2415"]
[BlackElo "2520"]
[EventDate "1989.06.07"]
[PlyCount "94"]

1.e4 e5 2.Nf3 Nc6 3.Nc3 Nf6 4.Bb5 Bb4 5.O-O d6 6.Nd5 Ba5 7.d4 Nd7 8.c3 O-O
9.b4 Bb6 10.Be3 exd4 11.cxd4 Ne7 12.Nxb6 Nxb6 13.Bg5 f6 14.Bh4 d5 15.e5 
Ng6 16.Bg3 f5 17.Bd3 Qe7 18.a3 a5 19.b5 Nc4 20.Qc1 Be6 21.Ng5 f4 22.Nxe6 
Qxe6 23.Bxg6 fxg3 24.Bd3 gxf2+ 25.Kh1 Rf7 26.Ra2 Raf8 27.Rc2 Qg4 28.Bxc4 
dxc4 29.Rxc4 Rf5 30.h3 Qe4 31.Rxc7 h6 32.Qc4+ Kh8 33.Qc2 Qxd4 34.e6 Re5 
35.Rf7 Re8 36.Qxf2 Qxf2 37.R1xf2 b6 38.Rf8+ Rxf8 39.Rxf8+ Kh7 40.Re8 Rxb5 
41.Rb8 Re5 42.Rxb6 Kg6 43.Ra6 Kf6 44.Kh2 h5 45.a4 h4 46.Kg1 g5 47.Kf2 Rc5 
1/2-1/2

[Event "8th Vidmar Memorial"]
[Site "Rogaska Slatina YUG"]
[Date "1989.06.16"]
[Round "8"]
[White "Todorcevic, Miodrag"]
[Black "Mohr, Georg"]
[Result "1-0"]
[WhiteElo "2535"]
[BlackElo "2450"]
[EventDate "1989.06.07"]
[PlyCount "109"]

1.Nf3 Nc6 2.d4 d5 3.g3 Bg4 4.Bg2 e6 5.O-O Bd6 6.c4 Nf6 7.Nc3 O-O 8.cxd5 
Nxd5 9.h3 Bh5 10.e4 Nb6 11.b3 f5 12.e5 Be7 13.Ne2 Nd5 14.Bb2 a5 15.a3 Na7 
16.Qd2 c6 17.Ne1 Qb6 18.Nc1 Rad8 19.Ned3 Bf7 20.Kh2 Nb5 21.Ne2 Nbc7 22.Qc2
Bh5 23.Rfe1 g5 24.Nc5 Bg6 25.Ng1 Kf7 26.Rac1 Na6 27.Na4 Qa7 28.Qe2 Rd7 29.
Nf3 Rfd8 30.Qd2 b5 31.Nc3 h6 32.Nxd5 cxd5 33.Qxa5 Qb7 34.Bf1 Nc7 35.Qd2 
Ra8 36.b4 Qb6 37.Qe2 Rb8 38.Nd2 Kg7 39.Nb3 Rdd8 40.Na5 Rf8 41.Rc6 Qa7 42.
Rec1 Bd8 43.Rd6 Be8 44.Qc2 Rf7 45.Be2 Re7 46.Qd2 Na8 47.Nc6 Bxc6 48.Rcxc6 
Rb6 49.Rxb6 Bxb6 50.Bxb5 Bc7 51.Rd7 Rxd7 52.Bxd7 Kf7 53.Qe2 Ke7 54.Bb5 Nb6
55.Qh5 1-0

[Event "8th Vidmar Memorial"]
[Site "Rogaska Slatina YUG"]
[Date "1989.06.16"]
[Round "8"]
[White "Grosar, Aljosa"]
[Black "Lobron, Eric"]
[Result "0-1"]
[WhiteElo "2365"]
[BlackElo "2555"]
[EventDate "1989.06.07"]
[PlyCount "87"]

1.e4 c5 2.Nf3 d6 3.d4 cxd4 4.Nxd4 Nf6 5.Nc3 Nc6 6.Bg5 e6 7.Qd2 Be7 8.O-O-O
O-O 9.Nb3 Qb6 10.h4 Rd8 11.h5 h6 12.Be3 Qc7 13.f4 d5 14.e5 Ne4 15.Nxe4 
dxe4 16.Qe1 Rxd1+ 17.Qxd1 Bd7 18.Kb1 Nb4 19.g3 a5 20.a3 Nd5 21.Bc1 a4 22.
Nd4 Qb6 23.Ka2 Bxa3 24.Bc4 Ne3 25.Qe2 Qxd4 26.Qxe3 Qxc4+ 27.Kxa3 Qxc2 28.
Bd2 Qc4 29.Rc1 Qb5 30.Rc5 Qf1 31.Rc1 Qg2 32.Bb4 Bc6 33.Be7 Ra5 34.Rc5 Rxc5
35.Bxc5 Qh1 36.Qc3 Qxh5 37.Kb4 Qe2 38.Ka3 Kh7 39.Qe3 Qc2 40.Bd4 Qd1 41.Kb4
Kg6 42.Kc5 Qf3 43.Qxf3 exf3 44.g4 0-1

[Event "8th Vidmar Memorial"]
[Site "Rogaska Slatina YUG"]
[Date "1989.06.16"]
[Round "8"]
[White "Kovacevic, Vlatko"]
[Black "Kozul, Zdenko"]
[Result "1-0"]
[WhiteElo "2545"]
[BlackElo "2490"]
[EventDate "1989.06.07"]
[PlyCount "109"]

1.d4 Nf6 2.Nf3 g6 3.Bg5 Bg7 4.e3 O-O 5.Be2 c5 6.Nbd2 cxd4 7.exd4 Nc6 8.c3 
d6 9.O-O h6 10.Bh4 e5 11.dxe5 dxe5 12.Nc4 e4 13.Nfd2 Qe7 14.Qc2 g5 15.Bg3 
Ne8 16.f3 e3 17.Nb3 b5 18.Nca5 Nxa5 19.Nxa5 f5 20.f4 g4 21.Qd3 Kh8 22.Nc6 
Qe6 23.Ne5 Bb7 24.Qxe3 Nc7 25.c4 bxc4 26.Bxc4 Nd5 27.Qb3 Rfb8 28.Rad1 Qb6+
29.Qxb6 Nxb6 30.Bd3 Nd5 31.Rfe1 Bc8 32.Bb1 Rxb2 33.Rxd5 Bb7 34.Bxf5 Bxd5 
35.Ng6+ Kg8 36.Ne7+ Kh8 37.Nxd5 Rxa2 38.Bxg4 a5 39.Be6 Bd4+ 40.Kf1 Rd2 41.
f5 a4 42.Re4 Bb2 43.Nb6 Rd1+ 44.Ke2 Rad8 45.Rxa4 R8d2+ 46.Kf3 h5 47.Nc4 
Rd3+ 48.Ke2 Bf6 49.Bf4 Rd4 50.Be3 Rd8 51.Nd2 Rh1 52.Ne4 Bb2 53.h3 Rdd1 54.
Ra8+ Kg7 55.Rg8+ 1-0

[Event "8th Vidmar Memorial"]
[Site "Rogaska Slatina YUG"]
[Date "1989.06.19"]
[Round "10"]
[White "Podlesnik, Bogdan"]
[Black "Gostisa, Leon"]
[Result "1/2-1/2"]
[WhiteElo "2415"]
[BlackElo "2420"]
[EventDate "1989.06.07"]
[PlyCount "56"]

1.e4 c5 2.Nf3 d6 3.d4 cxd4 4.Nxd4 Nf6 5.Nc3 Nc6 6.f3 e5 7.Nb3 Be7 8.Be3 
O-O 9.Qd2 a5 10.Bb5 Na7 11.Be2 Bd7 12.a4 Nc6 13.Nd5 Nxd5 14.exd5 Nb4 15.
O-O Qc7 16.c3 Na6 17.f4 f5 18.Rfd1 Bf6 19.Bb5 Nb8 20.fxe5 Bxe5 21.Nd4 Bxb5
22.Ne6 Qc4 23.axb5 Rf7 24.Qd3 Qh4 25.g3 Qg4 26.Rf1 Bxg3 27.hxg3 Qxg3+ 28.
Kh1 Qh3+ 1/2-1/2

[Event "8th Vidmar Memorial"]
[Site "Rogaska Slatina YUG"]
[Date "1989.06.19"]
[Round "10"]
[White "Grosar, Aljosa"]
[Black "Mohr, Georg"]
[Result "1/2-1/2"]
[WhiteElo "2365"]
[BlackElo "2450"]
[EventDate "1989.06.07"]
[PlyCount "35"]

1.e4 Nf6 2.e5 Nd5 3.d4 d6 4.Nf3 Bg4 5.Be2 e6 6.O-O Be7 7.c4 Nb6 8.Nc3 O-O 
9.h3 Bh5 10.Be3 a5 11.b3 Na6 12.Rc1 Nd7 13.exd6 Bxd6 14.Nb5 Be7 15.Ne5 
Bxe2 16.Qxe2 Nxe5 17.dxe5 Bc5 18.Rfd1 1/2-1/2

[Event "8th Vidmar Memorial"]
[Site "Rogaska Slatina YUG"]
[Date "1989.06.20"]
[Round "11"]
[White "Kozul, Zdenko"]
[Black "Podlesnik, Bogdan"]
[Result "1-0"]
[WhiteElo "2490"]
[BlackElo "2415"]
[EventDate "1989.06.07"]
[PlyCount "43"]

1.d4 Nf6 2.Nf3 e6 3.c4 b6 4.Nc3 Bb7 5.Bg5 h6 6.Bh4 g5 7.Bg3 Nh5 8.e3 Bg7 
9.Bd3 Nxg3 10.fxg3 g4 11.Nh4 Qg5 12.Qe2 Nc6 13.O-O h5 14.Rf4 Rh6 15.Raf1 
f5 16.Bxf5 exf5 17.Rxf5 Qe7 18.Qf2 Nd8 19.Rf4 Qg5 20.Rf8+ Ke7 21.Rf5 Qf6 
22.d5 1-0

[Event "8th Vidmar Memorial"]
[Site "Rogaska Slatina YUG"]
[Date "1989.06.20"]
[Round "11"]
[White "Mohr, Georg"]
[Black "Kovacevic, Vlatko"]
[Result "1/2-1/2"]
[WhiteElo "2450"]
[BlackElo "2545"]
[EventDate "1989.06.07"]
[PlyCount "122"]

1.e4 e6 2.d4 d5 3.Nc3 Nf6 4.Bg5 dxe4 5.Nxe4 Be7 6.Bxf6 Bxf6 7.Nf3 O-O 8.
Qd2 b6 9.O-O-O Bb7 10.Qf4 Nd7 11.Ne5 Be7 12.h4 Nf6 13.Nxf6+ Bxf6 14.Rh3 a5
15.Bd3 c5 16.Rg3 Kh8 17.dxc5 Qb8 18.Rg5 bxc5 19.Qe3 Qc7 20.Rh5 Bxe5 21.
Rxe5 c4 22.Rc5 Qe7 23.Rxc4 Bxg2 24.Rg4 Bd5 25.Bxh7 Qf6 26.Bd3 Rab8 27.c3 
Rfc8 28.Bb1 Rb5 29.Rdg1 Rb4 30.Rxg7 Rxh4 31.Qg3 Qh6+ 32.f4 f5 33.Rg8+ Kh7 
34.Rxc8 Rg4 35.Rc7+ Kh8 36.Qf2 Rxg1+ 37.Qxg1 Qxf4+ 38.Kd1 Qxc7 39.Qd4+ Kg8
40.Qe3 Qh2 41.Qg5+ Kf7 42.Bc2 Qh1+ 43.Kd2 Bxa2 44.Bd1 Ke8 45.Ba4+ Kf7 46.
Bd1 Qb7 47.Qh5+ Kg7 48.Qg5+ Kf8 49.Qf6+ Kg8 50.Qg5+ Qg7 51.Qd8+ Kh7 52.
Qxa5 Qh6+ 53.Kc2 Qh2+ 54.Kc1 Qf4+ 55.Kc2 Qf2+ 56.Kc1 Qe3+ 57.Kc2 Bd5 58.
Qc7+ Kg6 59.Qb8 Qf2+ 60.Kc1 Kg5 61.Qd8+ Kf4 1/2-1/2

[Event "8th Vidmar Memorial"]
[Site "Rogaska Slatina YUG"]
[Date "1989.06.20"]
[Round "11"]
[White "Gostisa, Leon"]
[Black "Todorcevic, Miodrag"]
[Result "0-1"]
[WhiteElo "2420"]
[BlackElo "2535"]
[EventDate "1989.06.07"]
[PlyCount "70"]

1.d4 g6 2.e4 Bg7 3.Nf3 d6 4.c3 Nf6 5.Qc2 O-O 6.Be2 c5 7.dxc5 dxc5 8.Be3 
Qc7 9.h3 b6 10.O-O Bb7 11.Nfd2 Nbd7 12.a4 a6 13.f4 Bh6 14.Kh1 e5 15.fxe5 
Bxe3 16.exf6 Qg3 17.Rd1 Nxf6 18.Bf3 Bf4 19.Nf1 Qh4 20.Nbd2 Be5 21.Re1 Rae8
22.Rad1 h5 23.a5 b5 24.c4 Ng4 25.Bxg4 hxg4 26.Re3 Bf4 27.Rd3 b4 28.Kg1 Be5
29.Nh2 f5 30.exf5 gxf5 31.Rf1 Re7 32.Nxg4 fxg4 33.Rxf8+ Kxf8 34.Rd8+ Kg7 
35.Qf5 Bd4+ 0-1

[Event "8th Vidmar Memorial"]
[Site "Rogaska Slatina YUG"]
[Date "1989.06.21"]
[Round "12"]
[White "Grosar, Aljosa"]
[Black "Kupreichik, Viktor"]
[Result "0-1"]
[WhiteElo "2365"]
[BlackElo "2520"]
[EventDate "1989.06.07"]
[PlyCount "45"]

1.e4 c5 2.b3 e5 3.Bb2 Nc6 4.f4 exf4 5.Nf3 Nf6 6.e5 Nh5 7.Be2 d5 8.O-O Bg4 
9.h3 Be6 10.Nh2 Ng3 11.Rxf4 Qg5 12.Rf2 Ne4 13.Rf3 c4 14.d4 cxd3 15.cxd3 
Bc5+ 16.d4 Qxe5 17.Bb5 Bb6 18.Kh1 Ng3+ 19.Kg1 O-O 20.Bxc6 bxc6 21.Na3 Ne2+
22.Kh1 Bxd4 23.Bxd4 0-1

[Event "8th Vidmar Memorial"]
[Site "Rogaska Slatina YUG"]
[Date "1989.06.21"]
[Round "12"]
[White "Kozul, Zdenko"]
[Black "Lobron, Eric"]
[Result "1-0"]
[WhiteElo "2490"]
[BlackElo "2555"]
[EventDate "1989.06.07"]
[PlyCount "73"]

1.d4 Nf6 2.Nf3 d6 3.c4 Nbd7 4.Nc3 c6 5.e4 e5 6.Be2 Be7 7.O-O a6 8.Qc2 O-O 
9.Rd1 Qc7 10.Bg5 Re8 11.Rd2 h6 12.Bh4 Nf8 13.c5 exd4 14.cxd6 Bxd6 15.Bxf6 
dxc3 16.Bxc3 Bf4 17.Rdd1 Bg4 18.g3 Bxf3 19.Bxf3 Be5 20.Bxe5 Rxe5 21.Rd2 
Rd8 22.Rxd8 Qxd8 23.Rd1 Qe7 24.Qc3 a5 25.Bg2 Rb5 26.Bf1 Rc5 27.Qa3 Ne6 28.
h4 Qf6 29.f4 b6 30.Qb3 b5 31.e5 Qe7 32.Qe3 g6 33.Rd6 Rc2 34.h5 gxh5 35.Bd3
Rxb2 36.Rxc6 Qa3 37.Bh7+ 1-0

[Event "8th Vidmar Memorial"]
[Site "Rogaska Slatina YUG"]
[Date "1989.06.23"]
[Round "13"]
[White "Lobron, Eric"]
[Black "Podlesnik, Bogdan"]
[Result "1-0"]
[WhiteElo "2555"]
[BlackElo "2415"]
[EventDate "1989.06.07"]
[PlyCount "67"]

1.Nf3 c5 2.g3 Nc6 3.Bg2 e5 4.O-O g6 5.c4 Bg7 6.Nc3 Nge7 7.a3 a5 8.Ne1 d6 
9.Nc2 Be6 10.Ne3 f5 11.Ned5 Rb8 12.d3 Bf7 13.Bg5 h6 14.Bxe7 Nxe7 15.Nxe7 
Kxe7 16.Rb1 g5 17.Qd2 Kf6 18.b4 axb4 19.axb4 b6 20.Bd5 Be8 21.Rb3 Kg6 22.
Rfb1 Rc8 23.bxc5 bxc5 24.Qa2 Bd7 25.Qa6 Bf8 26.Rb7 Rh7 27.Ra7 h5 28.Rb6 
Rg7 29.Rxd6+ Bxd6 30.Qxd6+ Kh7 31.Ra6 Bc6 32.Qxd8 Rxd8 33.Rxc6 h4 34.Be6 
1-0

[Event "8th Vidmar Memorial"]
[Site "Rogaska Slatina YUG"]
[Date "1989.06.23"]
[Round "13"]
[White "Damljanovic, Branko"]
[Black "Kozul, Zdenko"]
[Result "1-0"]
[WhiteElo "2530"]
[BlackElo "2490"]
[EventDate "1989.06.07"]
[PlyCount "71"]

1.c4 Nf6 2.Nc3 d5 3.cxd5 Nxd5 4.g3 Nc6 5.Bg2 Nb6 6.d3 e5 7.Nf3 Be7 8.O-O 
O-O 9.a4 a5 10.Nb5 Bf6 11.Be3 Nd4 12.Nfxd4 exd4 13.Bf4 c6 14.Nd6 Be7 15.
Nxc8 Qxc8 16.Bd2 Qe6 17.Bf3 Rfe8 18.Qc2 Nd5 19.Qc4 Bb4 20.Rfd1 Qe5 21.Rac1
Ne3 22.Bxe3 dxe3 23.fxe3 Bd2 24.Rc2 Bxe3+ 25.Kg2 Rad8 26.Qb3 Re7 27.Rf1 
Rd4 28.Rc4 g6 29.Qc3 Rxc4 30.Qxe5 Rxe5 31.dxc4 Bc5 32.Rd1 Re3 33.Rd8+ Kg7 
34.Ra8 Rb3 35.Rxa5 h5 36.Rxc5 1-0

[Event "8th Vidmar Memorial"]
[Site "Rogaska Slatina YUG"]
[Date "1989.06.23"]
[Round "13"]
[White "Kupreichik, Viktor"]
[Black "Kovacevic, Vlatko"]
[Result "1-0"]
[WhiteElo "2520"]
[BlackElo "2545"]
[EventDate "1989.06.07"]
[PlyCount "61"]

1.e4 e6 2.d4 d5 3.e5 c5 4.c3 Ne7 5.Nf3 Nec6 6.Be3 Nd7 7.Bd3 a5 8.Nbd2 cxd4
9.cxd4 a4 10.a3 Be7 11.h4 h6 12.h5 Nb6 13.Nh2 Na5 14.Qg4 Bf8 15.Rc1 Bd7 
16.O-O Nbc4 17.Nxc4 Nxc4 18.Qe2 b5 19.f4 Be7 20.f5 exf5 21.Bxf5 Nxe3 22.
Qxe3 Bg5 23.Qg3 Bxf5 24.Rxf5 Rc8 25.Rcf1 O-O 26.e6 Qc7 27.Qe1 Qe7 28.Rxf7 
Rxf7 29.Rxf7 Rc1 30.Qxc1 Qxe6 31.Rf4 1-0